000 00441nam a22001697a 4500
003 NUST - PNEC
005 20170116181135.0
008 151007b xxu||||| |||| 00| 0 eng d
020 _a0071412417
040 _cLIBRARY
082 _a629.892 WIL
100 _914222
_aWilliams, Karl P.
245 _aInsectronics : build your own walking robot
_cKarl P. Williams
260 _c2003
650 _914221
_aRobotics
_xMIS
942 _2ddc
_cBK
999 _c70181
_d70181